Introduction to taxanomy of angiosperms (Record no. 357215)

MARC details
000 -LEADER
fixed length control field 004320000a22001690004500
020 ## - INTERNATIONAL STANDARD BOOK NUMBER
International Standard Book Number 0 7069 0764 7
060 ## - NATIONAL LIBRARY OF MEDICINE CALL NUMBER
Classification number 100
082 ## - DEWEY DECIMAL CLASSIFICATION NUMBER
Classification number 582.130 12 PRI
100 ## - MAIN ENTRY--PERSONAL NAME
Personal name Priti, Shukla
100 ## - MAIN ENTRY--PERSONAL NAME
Personal name Shital, P Misra
245 ## - TITLE STATEMENT
Title Introduction to taxanomy of angiosperms
260 ## - PUBLICATION, DISTRIBUTION, ETC. (IMPRINT)
Place of publication, distribution, etc. Newdelhi, Vikas Publishing House Pvt Ltd
260 ## - PUBLICATION, DISTRIBUTION, ETC. (IMPRINT)
Date of publication, distribution, etc. 1979
300 ## - PHYSICAL DESCRIPTION
Extent 546
650 ## - SUBJECT ADDED ENTRY--TOPICAL TERM
Topical term or geographic name as entry element Taxonomy- angiosperms/ Angiosperm-taxanomy
942 ## - ADDED ENTRY ELEMENTS (KOHA)
Koha item type Books (General)
Holdings
Withdrawn status Lost status Damaged status Not for loan Home library Current library Date acquired Total Checkouts Full call number Barcode Date last seen Price effective from Koha item type
        College of Agriculture, Vellayani College of Agriculture, Vellayani 02/05/2014   582.130 12 PRI KAU_COAV-17828 02/05/2014 02/05/2014 Books (General)
Kerala Agricultural University Central Library
Thrissur-(Dt.), Kerala Pin:- 680656, India
Ph : (+91)(487) 2372219
E-mail: librarian@kau.in
Website: http://library.kau.in/